| Tag |
First Indicator |
Second Indicator |
Subfields |
| LEADER |
00000cam a2200000 a 4500 |
| 001 |
in00002159752 |
| 006 |
m e d # |
| 007 |
cr mn mmmmabba |
| 008 |
820222s1710 mau s 000 0 eng d |
| 005 |
20260330200343.4 |
| 035 |
|
|
|z w038171
|
| 035 |
|
|
|a MAAR8202222505B
|
| 035 |
|
|
|9 mwa91-28282
|
| 035 |
|
|
|a 319716
|
| 035 |
|
|
|a aas03038171
|
| 040 |
|
|
|a MWA
|c MWA
|e bdrb
|d UtOrBLW
|
| 100 |
1 |
|
|a Heskith, Thomas.
|
| 245 |
1 |
0 |
|a Divine Providence asserted, and some objections answered :
|b A sermon preach'd October the 10th. 1710. (at Annopolis-Royall in America) before the Honourable Francis Nicholson Esq. capt. general & commander in chief; after the surrender of that place. /
|c By Tho. Heskith, M.A. ; [Five lines of Latin texts].
|
| 264 |
|
3 |
|a Boston in New-England :
|b Printed by B. Green. Sold by Samuel Phillips at the Brick Shop in Corn-hill,
|c 1710.
|
| 300 |
|
|
|a 4 unnumbered pages, 22 pages, 2 unnumbered pages ;
|c 20 cm. (quarto)
|
| 336 |
|
|
|a text
|b txt
|2 rdacontent
|
| 337 |
|
|
|a computer
|b c
|2 rdamedia
|
| 338 |
|
|
|a online resource
|b cr
|2 rdacarrier
|
| 500 |
|
|
|a Dedicated to Francis Nicholson and Robert Reading.
|
| 500 |
|
|
|a "Articles of capitulation."--pages [23-24], signed: Francis Nicholson.
|
| 510 |
4 |
|
|a Evans
|c 1455
|
| 530 |
|
|
|a Microform version available in the Readex Early American Imprints series.
|
| 533 |
|
|
|a Electronic text and image data.
|b [Chester, Vt. :
|c Readex, a division of Newsbank, Inc.,
|d 2002-2004.
|e Includes files in TIFF, GIF and PDF formats with inclusion of keyword searchable text.
|f (Early American imprints. First series ; no. 1455).
|
| 500 |
|
|
|a Electronic resource.
|
| 610 |
2 |
0 |
|a Annapolis Royal (N.S.)
|x History
|y Siege, 1710.
|
| 651 |
|
0 |
|a United States
|x History
|y Queen Anne's War, 1702-1713.
|
| 655 |
|
7 |
|a Sermons
|y 1710.
|2 rbgenr
|
| 700 |
1 |
|
|a Nicholson, Francis,
|d 1655-1728,
|e dedicatee.
|
| 700 |
1 |
|
|a Reading, Robert,
|e dedicatee.
|
| 700 |
1 |
|
|a Nicholson, Francis,
|d 1655-1728.
|
| 752 |
|
|
|a United States
|b Massachusetts
|d Boston.
|
| 830 |
|
0 |
|a Early American imprints.
|n Series I,
|p Evans (1639-1800) ;
|v no. 1455.
|
| 856 |
4 |
1 |
|u http://proxy.library.tamu.edu/login?url=https://opac.newsbank.com/select/evans/1455
|y Evans Digital Edition
|t 0
|
| 999 |
|
|
|a MARS
|
| 999 |
f |
f |
|s 821bf0e8-abed-30a9-b65f-b5ffb5ddcab2
|i 0af46725-3ae5-3b94-a8d8-a0b1577f6efc
|t 0
|
| 952 |
f |
f |
|a Texas A&M University
|b College Station
|c Electronic Resources
|s www_evans
|d Available Online
|t 0
|h No information provided
|
| 998 |
f |
f |
|t 0
|l Available Online
|